00285nam a2200121Ia 4500008004100000100001400041245003200055250001200087260002800099650001400127942000700141999001500148190216s9999||||xx |||||||||||||| ||und|| aAbdulla T 0aBanking Theory And Practice a1st Ed. bMoohim Publicaionc1980 aEconomics cBK c9668d9668